000 00767nam a2200229 a 4500
001 BRCA_3940
005 20190320204502.0
008 120110s1857----u--a######---#000-0#eng-#
041 _aeng
044 _au
050 4 _aF1232.5
_b.E66 1857
100 1 _aEmory, William H.
_910253
245 1 0 _aUnited States and Mexican Boundary survey
_breport
_cof William H. Emory, major first cavalry and U.S. commissioner.
260 _aWashintong
_bC. Wendell
_c1857
300 _a3 v.
_bil., 137 láminas
_c30 cm.
440 0 _aE.U. House of Representatives 34 th Congress Ist. Session Executive documen
_v135
_910254
500 _aC91
651 4 _aMéxico
_vCuestión fronteriza
_yHasta 1910
_910255
651 4 _aMéxico
_vHistoria
_99143
902 _aGFM
942 _2lcc
_cB
999 _c3667
_d3667